000 01490nam a2200361Ia 4500
001 ebr10392997
003 CaPaEBR
006 m u
007 cr cn|||||||||
008 030115t20021999miuab sb 001 0 eng d
010 _z 98040135
020 _z0472089013 (pbk repr. 2002)
020 _z0472109537
020 _z9780472089017
040 _aCaPaEBR
_cCaPaEBR
035 _a(OCoLC)732605526
050 1 4 _aHV7936.C83
_bL86 2002eb
100 1 _aLyons, William,
_d1960-
245 1 4 _aThe politics of community policing
_h[electronic resource] :
_brearranging the power to punish /
_cWilliam Lyons.
260 _aAnn Arbor :
_bUniversity of Michigan Press,
_c2002, c1999.
300 _axiv, 241 p. :
_bill., 5 maps.
490 1 _aLaw, meaning, and violence
504 _aIncludes bibliographical references and index.
533 _aElectronic reproduction.
_bPalo Alto, Calif. :
_cebrary,
_d2011.
_nAvailable via World Wide Web.
_nAccess may be limited to ebrary affiliated libraries.
650 0 _aCommunity policing
_zWashington (State)
_zSeattle.
650 0 _aLaw enforcement
_zWashington (State)
_zSeattle.
651 0 _aSeattle (Wash.)
_xPolitics and government.
651 0 _aSeattle (Wash.)
_xSocial conditions.
655 7 _aElectronic books.
_2local
710 2 _aebrary, Inc.
830 0 _aLaw, meaning, and violence.
856 4 0 _uhttp://site.ebrary.com/lib/rucke/Doc?id=10392997
_zAn electronic book accessible through the World Wide Web; click to view
999 _c191217
_d191217